000 00518nam a22001697a 4500
003 OSt
005 20251124125352.0
008 251121b |||||||| |||| 00| 0 eng d
020 _a978-1-59474-603-1
040 _aDWC-Main lib.
_cOC
082 _aFic. R212m 2011
100 _aRiggs, Ransom
245 _aMiss Peregrine's home for peculiar children/
_cRansom Riggs
260 _aPhilaldelphia, USA :
_bQuirk Books,
_cc2011.
300 _a382 pages :
_bb & w illustrations ;
_c21 cm.
942 _2ddc
_cFIC.
_hFic.
_n0
999 _c5997
_d5997